000 00631nam a2200217Ia 4500
003 GCL
008 140319s9999 xx 000 0 ara d
040 _aGCL /
_cGCL
082 0 4 _aق
_b962.05
_bع ب
100 1 _aعبدالوهاب بكر
245 1 0 _aالبوليس المصرى 1922 - 1952 /
_cعبدالوهاب بكر
260 _a[S.N] :
_bدار الزهراء للنشر والتوزيع ،
_c1992
300 _a497 ص
490 _a
650 0 4 _aالعصر الحديث
650 0 4 _aمصر
650 0 4 _aتاريخ
650 0 4 _aالاحوال السياسية
650 0 4 _aالشرطة
942 _2ddc
_cBK
999 _c52505
_d52505